Guía práctica de higiene y desinfección, con las precauciones que deben tomarse en el caso de una invasión colérica / (Record no. 48270)

MARC details
000 -LEADER
campo de control de longitud fija 00671nam a22001935i 4500
001 - NÚMERO DE CONTROL
campo de control 48270
003 - IDENTIFICADOR DE NÚMERO DE CONTROL
campo de control ES-MaACL
005 - FECHA Y HORA DE LA ÚLTIMA TRANSACCIÓN
campo de control 20230906161725.0
007 - CAMPO FIJO DE DESCRIPCIÓN FÍSICA--INFORMACIÓN GENERAL
campo de control de longitud fija t|
008 - DATOS DE LONGITUD FIJA--INFORMACIÓN GENERAL
campo de control de longitud fija 950711s1884 sp ||||1| spa d
040 ## - FUENTE DE CATALOGACIÓN
Centro catalogador/agencia de origen CAM
Lengua de catalogación spa
Centro/agencia transcriptor CAM
080 ## - NÚMERO DE LA CLASIFICACIÓN DECIMAL UNIVERSAL
Número de la Clasificación Decimal Universal 616.932-08
100 1# - ENTRADA PRINCIPAL--NOMBRE DE PERSONA
Nombre de persona Chicote y González, Juan.
9 (RLIN) 38499
245 10 - MENCIÓN DEL TÍTULO
Título Guía práctica de higiene y desinfección, con las precauciones que deben tomarse en el caso de una invasión colérica /
Mención de responsabilidad, etc. redactada por Juan Chicote y González...
260 ## - PUBLICACIÓN, DISTRIBUCIÓN, ETC.
Lugar de publicación, distribución, etc. Madrid :
Nombre del editor, distribuidor, etc. [s.n.],
Fecha de publicación, distribución, etc. 1884 (
Fabricante Escuela Tip. del Hospicio)
300 ## - DESCRIPCIÓN FÍSICA
Extensión 16 p. ;
Dimensiones 17 cm.
650 #4 - PUNTO DE ACCESO ADICIONAL DE MATERIA--TÉRMINO DE MATERIA
Término de materia o nombre geográfico como elemento de entrada Cólera-
Subdivisión general Tratamiento.
9 (RLIN) 157013
852 ## - LOCALIZACIÓN
Ubicación ES-MaACL
Número de control de estantería T-764-F-3
Holdings
Estatus retirado Estado de pérdida Estado de daño No para préstamo Colección Biblioteca de origen Biblioteca actual Ubicación en estantería Fecha de adquisición Fuente de adquisición Total de préstamos Signatura topográfica completa Código de barras Visto por última vez Precio de reemplazo Tipo de ítem Koha
        Colección de folletos Biblioteca del Ateneo de Madrid Biblioteca del Ateneo de Madrid Depósito folletos 17/01/2008     T-764-F-3 1050802 23/02/2023 23/02/2023 Folleto